00375nam a22001097a 4500008004100000020001900041050002600060100002000086245009500106260005400201300001000255230919b |||||||| |||| 00| 0 eng d a978-0830842872 aBS2825.53b.M66 2015  aMoo, Douglas J. aTyndale New Testament Commentaries :bJames an introduction and commentarycDouglas J. Moo aDowner Grove, IllinoisbInter-Varsity Pressc2015 a238p.